| 000 | 00000nam##2200000za#4500 |
| 001 | 9.646948 |
| 003 | CaOODSP |
| 005 | 20200330063939 |
| 007 | ta |
| 008 | 150407|1998||||xxc||||| f|0| 0 eng|d |
| 020 | |a0-662-26818-0 |
| 040 | |aCaOODSP|beng |
| 043 | |an-cn--- |
| 086 | 1 |aRC31-6/1998E |
| 110 | 1 |aCanada.|bIndian Claims Commission. |
| 245 | 10|aChippewa Tri-Council Inquiry : |bCollins Treaty claim |
| 260 | |aOttawa - Ontario : |bIndian Claims Commission |c1998. |
| 300 | |a36p. : |bmaps, references ; |c28 cm. |
| 500 | |a"...an inquiry into the Collins Treaty Claim of the Chippewas of Beausoleil, Rama and Georgina Island First Nations...in relation to the 1785 agreement between the Crown and the Chippewas for a right of passage from Lake Simcoe to Lake Huron in exchange for certain promises that were not fulfilled."--Letter of transmittal. |
| 520 | 3 |a...an inquiry into the Collins Treaty Claim of the Chippewas of Beausoleil, Rama and Georgina Island First Nations...in relation to the 1785 agreement between the Crown and the Chippewas for a right of passage from Lake Simcoe to Lake Huron in exchange for certain promises that were not fulfilled.--Letter of transmittal |
| 563 | |aSpiral binding |
| 590 | |a98-19|b1998-05-08 |
| 690 | 07|aLand claims|2gcpds |
| 775 | 08|tEnquête sur le Conseil tripartite chippaouais : |w(CaOODSP)9.680437 |